MARC

Tag First Indicator Second Indicator Subfields
LEADER 00000cam a2200000 a 4500
001 in00000411821
005 20151012050710.0
008 850801q19801986utua b 00000 eng d
035 |a (OCoLC)12332201 
035 |9 ABT0914AM 
040 |a XQM  |c XQM  |d TXA  |d UtOrBLW 
043 |a n-us--- 
049 |a TXAM  |c [A09286058] 
090 |a JV6465  |b .I55 1980z 
245 0 0 |a Immigration :  |b issues & policies /  |c edited by Vernon M. Briggs, Jr., Marta Tienda. 
264 1 |a Salt Lake City :  |b prepared for the National Council on Employment Policy by Olympus Pub. Co.,  |c [between 1980 and 1989] 
300 |a iii, 146 pages :  |b illustrations ;  |c 23 cm. 
336 |a text  |b txt  |2 rdacontent 
337 |a unmediated  |b n  |2 rdamedia 
338 |a volume  |b nc  |2 rdacarrier 
504 |a Includes bibliographical references. 
651 0 |a United States  |x Emigration and immigration  |x Social aspects. 
651 0 |a United States  |x Emigration and immigration  |x Political aspects. 
651 0 |a United States  |x Emigration and immigration  |x Economic aspects. 
700 1 |a Tienda, Marta. 
700 1 |a Briggs, Vernon M. 
710 2 |a National Council on Employment Policy. 
999 |a MARS 
999 f f |s 2d86f274-9477-3c6f-ba3f-497e396e1259  |i c0d33195-fb88-3878-9104-f7a7c6d645f7  |t 0 
952 f f |p ric  |a Texas A&M University  |b Rellis Campus  |c Joint Library Facility  |d Remote Storage  |t 0  |e JV6465 .I55 1980z  |h Library of Congress classification  |i unmediated -- volume  |m A14809286058 
998 f f |a JV6465 .I55 1980z  |t 0  |l Remote Storage